[Event "Floripa Chess Open 2024"]
[Site "Florianopolis"]
[Date "2024.01.26"]
[Round "8.148"]
[White "Bueno, Marcos Antonio Ferr"]
[Black "Gurski, Guilherme Rybu"]
[Result "1/2-1/2"]
[WhiteElo "1644"]
[BlackElo "1354"]
[PlyCount "59"]
[EventDate "2024.01.20"]
[EventRounds "10"]
[EventCountry "BRA"]

1. Nf3 Nf6 2. g3 g6 3. Bg2 Bg7 4. O-O O-O 5. d3 c5 6. e4 ({RR} 6. c4 d5 7. cxd5
Nxd5 8. Qc2 b6 9. Nc3 Bb7 10. Bd2 Nd7 11. Qb3 e6 12. Ne1 Ne5 13. Nc2 Qd7 14.
Rfd1 Rfd8 15. Bg5 Nxc3 16. bxc3 c4 17. dxc4 Qxd1+ 18. Rxd1 Rxd1+ 19. Bf1 Rd7
20. Ne3 h6 {Czebe,A (2502)-Avrukh,B (2600) Ohrid 2001 0-1 (39)}) 6... d5 ({RR} 
6... b6 7. Qe2 Bb7 8. Re1 d6 9. Nbd2 e5 10. Nf1 Nc6 11. c3 Re8 12. Bg5 h6 13.
Bxf6 Qxf6 14. Ne3 Nd8 15. Nd2 Ne6 16. Nd5 Bxd5 17. exd5 Nc7 18. h4 h5 19. Ne4
Qd8 20. c4 f5 21. Ng5 {Gubajdullin,A (2253)-Deveci,H (2250) chess.com INT 2024
1-0 (65)}) 7. exd5 $146 ({RR} 7. Nc3 b6 8. Bg5 dxe4 9. dxe4 Qc7 10. Bxf6 exf6
11. Nd5 Qd6 12. Rb1 Bb7 13. c4 Nc6 14. Qd2 Rad8 15. Rfd1 Rfe8 16. Bh3 Rxe4 17.
Qc2 f5 18. Nc3 Rd4 19. Bg2 Rxd1+ 20. Rxd1 Qb8 21. Nd5 Qa8 {Wokrina,J-Vukusic,I
Germany 1998 0-1 (52)}) ({RR} 7. Nc3 d4 8. Ne2 Nc6 9. Bd2 e5 10. Qc1 Ne8 11.
Bh6 Nd6 12. Bxg7 Kxg7 13. c3 Bd7 14. b4 b6 15. bxc5 bxc5 16. Qa3 Nb7 17. Rab1
Qa5 18. Qxa5 Nbxa5 19. Rb5 c4 20. Nxe5 Nxe5 21. Rxe5 cxd3 {Niermann,M (2265)
-Sachs,H (1975) Germany 1999 1-0 (32)}) 7... Nxd5 8. c3 Nc6 9. Na3 Bf5 10. Qe2
Nxc3 11. Qd2 Nd5 12. Nh4 Be6 13. Nc2 Rb8 14. a3 Nd4 15. Nxd4 Bxd4 16. Rb1 Bg7
17. Qe2 Qc7 18. Bd2 Rfd8 19. Rfc1 b6 20. b4 Qd6 21. bxc5 bxc5 22. Rxb8 Rxb8 23.
Bxd5 Qxd5 24. Be3 Bd4 25. Bxd4 Qxd4 26. Nf3 Qd5 27. Qe3 Bh3 28. Ne1 Be6 29.
Rxc5 Qd6 30. Qe5 1/2-1/2

[Event "Floripa Chess Open 2024"]
[Site "Florianopolis"]
[Date "2024.01.26"]
[Round "8.150"]
[White "Abdalla, Umar Mohammad"]
[Black "Bonilla Viamonte, Diego Armando"]
[Result "0-1"]
[WhiteElo "1354"]
[BlackElo "1620"]
[PlyCount "42"]
[EventDate "2024.01.20"]
[EventRounds "10"]
[EventCountry "BRA"]

1. d4 d5 2. c4 e6 3. Nc3 Nf6 4. Bg5 Nbd7 5. cxd5 exd5 6. Nxd5 Nxd5 7. Bxd8 Bb4+
8. Qd2 Bxd2+ 9. Kxd2 Kxd8 10. e4 N5f6 11. f3 ({RR} 11. Bd3 Nb6 12. Nf3 Ke7 13.
Rhe1 Rd8 14. h3 c6 15. Rad1 Kf8 16. Kc1 Be6 17. Bb1 Rac8 18. Nh2 Nh5 19. Rf1
Bc4 20. Rfe1 Nf4 21. g3 Ne2+ {0-1 (21) Medrano,D (2261)-Borda,A (2227) La Paz
2002}) 11... c5 ({RR} 11... c6 12. a4 a5 13. Nh3 Nb6 14. Nf2 Be6 15. Kc3 Ke7
16. b3 Rhd8 17. f4 Ng4 18. Nd3 f6 19. f5 Bc8 20. Be2 Nh6 21. Bh5 Nf7 22. Bxf7
Kxf7 23. g4 g6 24. Rhg1 gxf5 25. gxf5 Re8 26. Rg4 {Vizcarra Quispe,R (1546)
-Cardozo,C (1530) Lima PER 2023 1/2-1/2 (39)}) 12. d5 b6 $146 ({RR} 12... Ne5
13. b3 Bd7 14. a4 Ke7 15. Ne2 c4 16. b4 g5 17. Nc3 Ne8 18. h4 f6 19. Be2 Ng7
20. Ra2 h5 21. g3 Rac8 22. Rg1 Kf7 23. Ke3 Ng6 24. f4 g4 25. Kd4 Rc7 26. Rc1
Rhc8 27. Bf1 {Barcelo Presas,T-Parramon Guillaumet,J Malgrat del Mar 1998 0-1 
(63)}) ({RR} 12... Ne5 13. Ne2 a6 14. Nc3 Re8 15. Re1 Ke7 16. f4 Ned7 17. e5
Ng8 18. g3 Nb6 19. Bg2 Rb8 20. Kc1 Bf5 21. Bf3 h6 22. g4 Bh7 23. f5 Kf8 24. Re2
g6 25. f6 g5 26. Rhe1 Bg6 27. b3 {Humbert,P-Prudent,A Paris 1989 1-0 (42)}) 13.
Bc4 Ne5 14. Be2 Ng6 15. g3 Re8 16. Bc4 Ne5 17. Bb3 c4 18. Bd1 Nd3 19. Ne2 Nxb2
20. Bc2 Ba6 21. Nf4 Rc8 0-1

[Event "Floripa Chess Open 2024"]
[Site "Florianopolis"]
[Date "2024.01.26"]
[Round "8.152"]
[White "Morioka, Felipe Yukio"]
[Black "Moura, Bernardo Lalane Mas"]
[Result "1/2-1/2"]
[WhiteElo "1612"]
[BlackElo "1327"]
[PlyCount "125"]
[EventDate "2024.01.20"]
[EventRounds "10"]
[EventCountry "BRA"]

1. e4 c5 2. Nf3 a6 3. c4 e6 4. Nc3 Nc6 5. d4 cxd4 6. Nxd4 Qc7 7. Be2 Bb4 8. Qd3
Nf6 9. Bd2 ({RR} 9. Nxc6 dxc6 10. a3 Be7 11. f4 e5 12. Qg3 g6 13. fxe5 Nd7 14.
Bf4 g5 15. Be3 Nxe5 16. Bd4 f6 17. Bh5+ Kf8 18. O-O Kg7 19. h4 Rg8 20. Bf7 Kxf7
21. Bxe5 Qb6+ 22. Kh1 Rg6 23. h5 Be6 {Popov,I (2650)-Smirin,I (2658) Minsk
2015 1-0 (37)}) 9... O-O 10. Nc2 Be7 $146 ({RR} 10... Ne5 11. Qg3 Bd6 12. f4
Nxc4 13. e5 Nxe5 14. fxe5 Bxe5 15. Qh4 d5 16. Nd4 Qb6 17. Nf3 Bd6 18. Na4 Qa7
19. Qd4 Qxd4 20. Nxd4 e5 21. Nb6 Rb8 22. Nxc8 Rfxc8 23. Nf5 Bc5 24. Rc1 Ne4 25.
Rf1 {Gagare,S (2058)-Grabinsky,V (2226) Pardubice CZE 2019 1/2-1/2}) ({RR} 
10... Ne5 11. Qg3 Bd6 12. f4 Nxc4 13. e5 Nxe5 14. fxe5 Bxe5 15. Qh4 d5 16. Nd4
Qb6 17. Nf3 Bd6 18. Na4 Qa7 19. Qd4 Qxd4 20. Nxd4 e5 21. Nb6 Rb8 22. Nxc8 Rfxc8
23. Nf5 Bc5 24. Rc1 Ne4 25. Rf1 {Gagare,S (2058)-Grabinsky,V (2226) Pardubice
CZE 2019 1/2-1/2}) 11. O-O b6 12. f4 Bb7 13. e5 Ne8 14. Qh3 d6 15. Bd3 g6 16.
exd6 Nxd6 17. Ne4 Nxe4 18. Bxe4 Bc5+ 19. Kh1 Ne7 20. Bf3 Bxf3 21. Qxf3 Rad8 22.
Bc3 Nc6 23. Rad1 a5 24. a3 a4 25. Qh3 Rxd1 26. Rxd1 Qxf4 27. Qf3 Qxf3 28. gxf3
Rd8 29. Rxd8+ Nxd8 30. Nb4 Kf8 31. Nd3 Bd6 32. Ne5 Ke7 33. Ng4 Bc5 34. Bf6+ Ke8
35. Bc3 h5 36. Nf6+ Ke7 37. Ne4 Be3 38. Bb4+ Kd7 39. c5 Nc6 40. cxb6 Nxb4 41.
axb4 Kc6 42. Nc3 Kxb6 43. Nxa4+ Kb5 44. Nc3+ Kxb4 45. Kg2 g5 46. Ne4 Kb3 47.
Nd6 f5 48. h3 Bf4 49. Nb5 Be5 50. Na7 Bxb2 51. Nc6 Bc3 52. Nd8 e5 53. Ne6 Bd2
54. Ng7 h4 55. Nxf5 Bf4 56. Nd6 Kc3 57. Ne4+ Kd3 58. Nd6 Ke2 59. Ne4 Be3 60.
Nd6 Bf4 61. Ne4 Ke3 62. Nd6 Bg3 63. Ne4 1/2-1/2

[Event "Floripa Chess Open 2024"]
[Site "Florianopolis"]
[Date "2024.01.26"]
[Round "8.153"]
[White "Franzen, Mark Scheer"]
[Black "Santos, Humberto Robson"]
[Result "0-1"]
[WhiteElo "1596"]
[BlackElo "1322"]
[PlyCount "72"]
[EventDate "2024.01.20"]
[EventRounds "10"]
[EventCountry "BRA"]

1. e4 e5 2. f4 Nc6 3. Nf3 d6 4. Nc3 Nf6 5. Bc4 Be6 6. Bxe6 fxe6 7. fxe5 dxe5 8.
d3 ({RR} 8. O-O Bc5+ 9. Kh1 O-O 10. d3 Qd6 11. Bg5 h6 12. Bh4 Rf7 13. Nd2 Raf8
14. Nc4 Qd7 15. h3 Ne8 16. Rxf7 Qxf7 17. Bg3 Bd4 18. Nb5 Qg6 19. Kh2 Bf2 20.
Qg4 Qxg4 21. hxg4 a6 22. Nc3 Bxg3+ {Mamedyarov,S (2770)-Sadykov,R (2345) chess.
com INT 2021 1-0 (41)}) 8... Qd7 9. Be3 $146 ({RR} 9. Bg5 O-O-O 10. Qd2 Bb4 11.
O-O-O Qf7 12. Qe1 Rd7 13. Rf1 Rf8 14. Kb1 a6 15. Qg3 Bd6 16. Be3 h6 17. Na4 Qe7
18. Nh4 Qd8 19. Ng6 Re8 20. Rde1 b6 21. Re2 Kb7 22. Ref2 Rf7 23. Qh4 Be7 {
Tomes,Z-Kosina,V Brno 1996 0-1 (70)}) 9... a6 10. O-O Bd6 11. Ne2 O-O-O 12. h3
h6 13. c4 Qe7 14. Qd2 g5 15. Rac1 Bc5 16. a3 g4 17. Ne1 gxh3 18. b4 Bxe3+ 19.
Qxe3 hxg2 20. Nxg2 Nd4 21. Nxd4 exd4 22. Qh3 Rdg8 23. Rc2 Ng4 24. Kh1 e5 25.
Rf5 Kb8 26. Rc1 Rg6 27. Rcf1 Rhg8 28. Rf7 Qg5 29. Nh4 R6g7 30. Rxg7 Rxg7 31.
Nf5 Rg6 32. Qh4 Qd2 33. Qg3 Qe2 34. Nh4 Qxf1+ 35. Qg1 Qh3+ 36. Qh2 Qxh2# 0-1

[Event "Floripa Chess Open 2024"]
[Site "Florianopolis"]
[Date "2024.01.26"]
[Round "8.155"]
[White "Orlandi Neto, Aristides"]
[Black "Santos, Caua Lopes"]
[Result "0-1"]
[WhiteElo "1592"]
[BlackElo "1290"]
[PlyCount "118"]
[EventDate "2024.01.20"]
[EventRounds "10"]
[EventCountry "BRA"]

1. e4 e6 2. d3 d5 3. Nd2 Nf6 4. Ngf3 Bc5 5. g3 dxe4 6. dxe4 Ng4 7. Nb3 Qxd1+ 8.
Kxd1 Nxf2+ 9. Ke2 Bb6 10. c4 $146 ({RR} 10. Rg1 Nxe4 11. Rg2 Nc6 12. Be3 e5 13.
Bxb6 axb6 14. Ke3 Nd6 15. Bd3 f5 16. Bf1 O-O 17. Rd2 f4+ 18. gxf4 exf4+ 19. Ke2
Bg4 20. Bg2 Nc4 21. Rd5 Ne3 22. Rg5 h6 23. Rg6 Bf5 {0-1 (24) Carletti,D (1660)
-Schaefer,H (2100) Condino 2011}) 10... Nxe4 11. Bf4 Nd7 12. Bg2 a5 13. Rac1
Nec5 14. Nbd4 O-O 15. Nb5 e5 16. Bg5 f6 17. Be3 e4 18. Nfd4 Nd3 19. Rc2 f5 20.
Nxf5 Nb4 21. Bxb6 Rxf5 22. Bxc7 Nxc2 23. Bxe4 Rxb5 24. cxb5 Nd4+ 25. Kd1 Nxb5
26. Bd8 Nf6 27. Bxf6 gxf6 28. Kc1 Nd6 29. Bd5+ Kg7 30. Re1 Bf5 31. Re7+ Kg6 32.
h4 Re8 33. Bf7+ Nxf7 34. Rxe8 b5 35. Rg8+ Kh6 36. Kd2 Be6 37. Ra8 a4 38. a3 Ne5
39. Ra6 Bc4 40. Rxf6+ Kg7 41. Rf5 Nd3 42. Kc3 Nc1 43. Rf2 Nd3 44. Rd2 Ne5 45.
Rd8 Nf7 46. Rd7 Kg6 47. Rb7 Kf5 48. Kd4 Kg4 49. Kc5 Kxg3 50. Rxb5 Bxb5 51. Kxb5
Kxh4 52. Kxa4 Kg4 53. b4 Nd6 54. b5 Nxb5 55. Kxb5 h5 56. a4 h4 57. a5 h3 58. a6
h2 59. a7 h1=Q 0-1

[Event "Floripa Chess Open 2024"]
[Site "Florianopolis"]
[Date "2024.01.26"]
[Round "8.156"]
[White "Ferreira De Souza, Ricardo"]
[Black "Silva, Henrique Brasil Bar"]
[Result "0-1"]
[WhiteElo "1329"]
[BlackElo "1590"]
[PlyCount "20"]
[EventDate "2024.01.20"]
[EventRounds "10"]
[EventCountry "BRA"]

1. e4 {RR} c6 2. d4 d5 3. e5 Bf5 4. h4 h5 5. c4 e6 6. Nc3 Nd7 7. Nge2 Ne7 ({RR
} 7... dxc4 8. Ng3 Nb6 9. Be2 Bg6 10. Bg5 Be7 11. Nge4 f6 12. Bf4 Nd5 13. Bg3
Qb6 14. O-O Nxc3 15. Nxc3 Qxb2 16. Bxc4 Qxc3 17. Rc1 Qb2 18. Bxe6 Rd8 19. d5
fxe5 20. Re1 Bf6 21. Re2 Qa3 22. Bxe5 {McShane,L (2664)-So,W (2673) Wijk aan
Zee 2011 CBM 141 [RR] 1-0 (40)}) ({RR} 7... a6 8. Ng3 g6 ({RR} 8... Bg6 9. Bg5
Qb6 ({RR} 9... Be7 10. Bxe7 Nxe7 11. Be2 Qb6 12. O-O Qxb2 13. Na4 Qa3 14. c5
Qb4 15. a3 Qa5 16. Qb3 Qc7 17. Ra2 Nf5 18. Nxf5 Bxf5 19. Rb2 Rb8 20. Bxa6 bxa6
21. Nb6 O-O 22. Rc1 Rb7 23. a4) 10. Qd2 Ne7 11. c5 Qc7 12. Bf4 b6 13. cxb6 Nxb6
14. Rc1 Nf5 15. Nxf5 Bxf5 16. Be2 Rb8 17. O-O Bb4 18. a3 Bxc3 19. Qxc3 Na4 20.
Qxc6+ Qxc6 21. Rxc6 O-O 22. b4 Nb2 23. Bxh5) 9. Nxf5 gxf5 10. cxd5 cxd5 11. Be2
b5 12. Bxh5 Nb6 13. g3 Rh7 14. Be2 Bh6 15. Bxh6 Nxh6 16. a4 b4 17. a5 bxc3 18.
axb6 cxb2 19. Qa4+ Qd7 20. Qxd7+ Kxd7 21. Rb1 Kc6 22. b7 {De Siqueira,L (2230)
-Silva,H (1590) Florianopolis SC 2024 1-0 (44)}) ({RR} 7... dxc4 8. Ng3 Nb6 9.
Be2 Bg6 10. Bg5 Be7 11. Nge4 f6 12. Bf4 Nd5 13. Bg3 Qb6 14. O-O Nxc3 15. Nxc3
Qxb2 16. Bxc4 Qxc3 17. Rc1 Qb2 18. Bxe6 Rd8 19. d5 fxe5 20. Re1 Bf6 21. Re2 Qa3
22. Bxe5) 8. Ng3 Bg6 9. cxd5 Nxd5 $146 ({RR} 9... exd5 10. Be2 Nf5 11. Nxf5
Bxf5 12. Bxh5 g6 13. Bg5 Be7 14. Bxe7 Qxe7 15. Be2 Rxh4 16. Rxh4 Qxh4 17. Qd2
O-O-O 18. g3 Qh2 19. Rc1 Kb8 20. Nd1 f6 21. Qf4 fxe5 22. dxe5 Be6 23. Kd2 Qh8
24. Ne3 {Golubev,M (2461)-Tanaka,T (2099) chess.com INT 2021 1/2-1/2 (59)}) 10.
Nxd5 cxd5 0-1

[Event "Floripa Chess Open 2024"]
[Site "Florianopolis"]
[Date "2024.01.26"]
[Round "8.157"]
[White "Esteves Neto, Antonio Francisco"]
[Black "Lemes, Cintia"]
[Result "1-0"]
[WhiteElo "1800"]
[BlackElo "1576"]
[PlyCount "49"]
[EventDate "2024.01.20"]
[EventRounds "10"]
[EventCountry "BRA"]

1. e4 e5 2. Nf3 Nc6 3. Bc4 Bc5 4. d3 Nf6 5. Nc3 d6 6. h3 Be6 7. Bxe6 fxe6 8.
Na4 Qd7 $146 ({RR} 8... Bb6 9. Nxb6 axb6 10. O-O Qe7 11. Re1 O-O 12. c3 Qf7 13.
Ng5 Qe7 14. Qb3 d5 15. exd5 exd5 16. d4 h6 17. Ne4 Kh8 18. Nxf6 Qxf6 19. Be3
Rad8 20. dxe5 Qxe5 21. Bc5 Na5 22. Qd1 Qxe1+ 23. Qxe1 {Furtak,J (1425)
-Zniszczol,W (1028) Szczyrk 2014 1-0 (59)}) ({RR} 8... Bb6 9. Nxb6 axb6 10. Be3
O-O 11. O-O d5 12. exd5 exd5 13. Re1 Qd6 14. a3 Rae8 15. Qc1 Nh5 16. b4 Qg6 17.
b5 Rxf3 18. bxc6 bxc6 19. Kh2 Rff8 20. Re2 e4 21. Qd1 d4 22. Bc1 e3 23. fxe3 {
Golubev,E (2234)-Tishin,P (2406) Tula RUS 2021 0-1}) ({RR} 8... Bb4+ 9. Bd2
Bxd2+ 10. Qxd2 Nh5 11. a3 Qf6 12. Qg5 Qxg5 13. Nxg5 Ke7 14. Nf3 Rhf8 15. Nc3
Nf4 16. Rg1 g6 17. Nd2 Nd4 18. Kd1 Nh5 19. Rf1 Rf7 20. Ne2 Nxe2 21. Kxe2 Nf4+
22. Kf3 Nxd3+ 23. Ke3 {Karagodin,S-Didok,D (1582) Kyiv UKR 2023 0-1 (34)}) ({RR
} 8... Bb6 9. Nxb6 axb6 10. O-O O-O 11. c3 Qe8 12. g3 h6 13. Kg2 d5 14. Re1 Qh5
15. Qe2 Nd7 16. b4 b5 17. Be3 Rf7 18. Nd4 Qxe2 19. Nxe2 Ra3 20. f3 Rf8 21. Bc1
Ra4 22. a3 Nb6 23. Bb2 {Billing,C (2113)-Kempter,R (2214) Bayern 2008 0-1 (60)}
) 9. Nxc5 dxc5 10. Be3 Qe7 11. c3 h6 12. Qb3 O-O-O 13. Rd1 g5 14. Qa3 Nd7 15.
d4 exd4 16. cxd4 Rdf8 17. dxc5 e5 18. b4 a6 19. Qc3 Nf6 20. Qc4 g4 21. Nh4 Qf7
22. Qxf7 Rxf7 23. hxg4 Nxg4 24. Ng6 Re8 25. f3 1-0

[Event "Floripa Chess Open 2024"]
[Site "Florianopolis"]
[Date "2024.01.26"]
[Round "8.158"]
[White "Dos Santos, Rafaela Alves"]
[Black "Espindola, Carlos Marcelo"]
[Result "1-0"]
[WhiteElo "1800"]
[BlackElo "1434"]
[PlyCount "21"]
[EventDate "2024.01.20"]
[EventRounds "10"]
[EventCountry "BRA"]

1. e4 c5 2. Nf3 g6 3. Nc3 Bg7 4. d4 cxd4 5. Nxd4 Nc6 6. Be3 Nf6 7. Be2 d6 8. a3
({RR} 8. g4 Nxg4 9. Bxg4 Bxg4 10. f3 Bxd4 11. Bxd4 Bxf3 12. Qxf3 Nxd4 13. Qf2
Nc6 14. O-O-O O-O 15. h4 h5 16. Nd5 Ne5 17. Rhg1 Ng4 18. Rxg4 hxg4 19. h5 Kg7
20. Qf4 Qd7 21. Rh1 Qe6 22. Rh4 Rh8 {Donchev,D (2520)-Inkiov,V (2475) Sofia
1991 0-1}) 8... Bd7 9. O-O ({RR} 9. Qd2 O-O 10. f4 Nxd4 11. Bxd4 Bc6 12. Bf3 e5
13. fxe5 dxe5 14. Bxe5 Qxd2+ 15. Kxd2 Nxe4+ 16. Bxe4 Bxe5 17. Bxc6 bxc6 18. Kd3
Rad8+ 19. Ke2 Rfe8 20. Kf3 Rd2 21. Rhe1 Rxc2 22. Re3 Rxb2 23. Rae1 f6 {Aka
Justin,J-Adesina,A (2177) Lagos 2015 0-1 (37)}) 9... Rc8 $146 ({RR} 9... a6 10.
Rb1 b5 11. f4 e6 12. Bf3 e5 13. Nxc6 Bxc6 14. Qd2 O-O 15. Nd5 Bxd5 16. exd5 e4
17. Be2 Qc7 18. c3 Nd7 19. f5 Be5 20. Kh1 Rfe8 21. Bh6 Qd8 22. g3 Qe7 23. Qe3
Bg7 24. fxg6 {Priklonsky,E-Karandeev,O Tula 2002 1-0 (42)}) 10. Re1 O-O 11. Rc1
1-0

[Event "Floripa Chess Open 2024"]
[Site "Florianopolis"]
[Date "2024.01.26"]
[Round "8.159"]
[White "Simoncini, Luana Felipe"]
[Black "Lopes, Marcia Maria Dias"]
[Result "1-0"]
[WhiteElo "1772"]
[BlackElo "1297"]
[PlyCount "77"]
[EventDate "2024.01.20"]
[EventRounds "10"]
[EventCountry "BRA"]

1. d4 Nf6 2. c4 e6 3. Bg5 Be7 4. Nc3 d5 5. e3 O-O 6. Nf3 Nbd7 7. Be2 b6 8. O-O
Bb7 9. Rc1 c5 10. dxc5 ({RR} 10. cxd5 Nxd5 11. Bxe7 Qxe7 12. Nxd5 Bxd5 13. Qa4
{1/2-1/2 (13) Lutsko,I (2399)-Mikhaletz,L (2480) Khmelnitsky 2008}) 10... Bxc5
$146 ({RR} 10... Nxc5 11. cxd5 Nxd5 12. Bxe7 Qxe7 13. Nxd5 Bxd5 14. b4 Ne4 15.
a3 Rac8 16. Qd4 {1/2-1/2 (16) Englisch,B-Schwarz,J Vienna 1890}) ({RR} 10...
bxc5 11. cxd5 exd5 12. Qc2 Ne4 13. Bxe7 Qxe7 14. Rfd1 Nxc3 15. Qxc3 d4 16. Qd2
Rfe8 17. Kf1 Ne5 18. exd4 Nxf3 19. Bxf3 Bxf3 20. gxf3 cxd4 21. Qxd4 Rad8 22.
Qc4 Rxd1+ 23. Rxd1 Qe5 {1/2-1/2 (23) Andersson,R (2096)-Cedervall,M (1965)
Tylosand 2016}) ({RR} 10... Nxc5 11. Bxf6 Bxf6 12. cxd5 exd5 13. Qd2 Rc8 14.
Rfd1 Bxc3 15. Qxc3 Ne4 16. Qd4 f5 17. Qe5 Rf7 18. Qe6 Nc5 19. Rxc5 bxc5 20. Ne5
Qf6 21. Qxf7+ Qxf7 22. Nxf7 Kxf7 23. Bf3 Ke6 24. Kf1 Rb8 25. b3 {Vass,P-Kiss,A
Hungary 2005 0-1 (45)}) 11. cxd5 exd5 12. Qb3 Be7 13. Rfd1 Nc5 14. Qc2 Rc8 15.
Nd4 Nce4 16. Bxf6 Nxf6 17. Qb3 Rc5 18. Nf5 Re8 19. Bf3 Qc8 20. Nxe7+ Rxe7 21.
Rc2 Qa8 22. Rcd2 Rec7 23. h3 h6 24. e4 Re7 25. exd5 Rd7 26. Qa4 Ra5 27. Qb3 Rd6
28. Nb5 Rd8 29. a3 Qb8 30. Nc3 Rc5 31. Ne4 Nxe4 32. Bxe4 Qe5 33. Bf3 Qd6 34.
Rd4 Re8 35. Qa4 a6 36. Qxe8+ Qf8 37. Qxf8+ Kxf8 38. d6 Bxf3 39. d7 1-0

[Event "Floripa Chess Open 2024"]
[Site "Florianopolis"]
[Date "2024.01.26"]
[Round "8.161"]
[White "Ferreira, Carlos Eduardo"]
[Black "De Souza, Samuel De Deus"]
[Result "1-0"]
[WhiteElo "1568"]
[BlackElo "1300"]
[PlyCount "77"]
[EventDate "2024.01.20"]
[EventRounds "10"]
[EventCountry "BRA"]

1. e4 c5 2. Nc3 Nc6 3. Bc4 g6 4. a3 Bg7 5. d3 Nf6 ({RR} 5... e6 6. Ba2 Nge7 7.
Nf3 d6 8. O-O O-O 9. Ne2 h6 10. Ng3 b5 11. c3 a5 12. d4 cxd4 13. cxd4 e5 14. d5
Nb8 15. Re1 Na6 16. Bd2 Nc5 17. Be3 Na4 18. Qd2 Kh7 19. b3 Nb6 20. Qe2 {
Kamsky,G (2658)-Leenhouts,K (2414) chess.com INT 2021 1-0 (52)}) 6. Nf3 $146 ({
RR} 6. Ba2 O-O 7. h4 e6 8. h5 d5 9. h6 Bh8 10. Bg5 d4 11. Nce2 Qb6 12. Rb1 Ne5
13. Ng3 Bd7 14. Nf3 Nfg4 15. Nxe5 Nxe5 16. f4 Nc6 17. e5 f6 18. exf6 Bxf6 19.
Ne4 Bxg5 20. fxg5 Qc7 {Lorenzo de la Riva,L (2404)-Zaichenko,D (2104) chess.
com INT 2023 1-0 (44)}) ({RR} 6. Nge2 O-O 7. O-O e6 8. Ba2 b6 9. Bg5 h6 10. Bh4
g5 11. Bg3 d5 12. exd5 exd5 13. h4 d4 14. hxg5 hxg5 15. Ne4 Nxe4 16. dxe4 Be6
17. f4 Bxa2 18. Rxa2 f5 19. Qd3 fxe4 20. Qc4+ Kh7 {Bas Mas,M (2112)-Shohat,Y  
(2332) Sant Boi ESP 2023 0-1}) 6... O-O 7. O-O e6 8. Bg5 h6 9. Bh4 Qa5 10. Qd2
Kh7 11. h3 d6 12. Rfe1 Ne7 13. b4 cxb4 14. axb4 Qxb4 15. Reb1 Qc5 16. Rb5 Qc7
17. Rab1 a6 18. Rb6 Re8 19. Bg3 e5 20. Bxf7 Rf8 21. Bc4 Nd7 22. R6b2 b5 23. Ba2
Nc5 24. Nh2 Qa5 25. Qe1 Ng8 26. Nf1 Bb7 27. Ne3 Nf6 28. Bh4 g5 29. Bg3 Qd8 30.
Nf5 Bc8 31. Ne3 Bb7 32. Qe2 Qe8 33. Bd5 Bxd5 34. Ncxd5 Qd8 35. c4 bxc4 36.
Nxf6+ Bxf6 37. Nxc4 Qc7 38. d4 Nxe4 39. Qxe4+ 1-0

[Event "Floripa Chess Open 2024"]
[Site "Florianopolis"]
[Date "2024.01.26"]
[Round "8.162"]
[White "Santos, Marcos Correia"]
[Black "Carneiro, Cristiana Fiusa"]
[Result "1-0"]
[WhiteElo "1564"]
[BlackElo "1211"]
[PlyCount "111"]
[EventDate "2024.01.20"]
[EventRounds "10"]
[EventCountry "BRA"]

1. e4 c5 2. c3 Nf6 3. e5 Nd5 4. Nf3 Nc6 5. Bc4 Nc7 6. O-O d5 7. exd6 Qxd6 8. d4
({RR} 8. h3 Be6 9. Na3 g6 10. Nb5 Nxb5 11. Bxb5 Bg7 12. Ng5 Bd7 13. Ne4 Qd5 14.
Re1 O-O 15. Qf3 Kh8 16. b3 a6 17. Bc4 Qf5 18. Qxf5 Bxf5 19. Nxc5 Rab8 20. d4 e5
21. d5 Na5 22. Bf1 Rfc8 {Romero Ruscalleda,J (2160)-Espinoza Villanueva,R  
(1893) chess.com INT 2023 1-0 (70)}) 8... b5 9. Be2 $146 ({RR} 9. Bb3 c4 10.
Bc2 Be6 11. Nbd2 Bd5 12. Ne4 Bxe4 13. Bxe4 Nd5 14. Ne5 Rd8 15. f4 e6 16. a4 b4
17. Nxc4 Qc7 18. Qd3 g6 19. Bd2 Bg7 20. Ne5 f5 21. Bf3 Nxe5 22. fxe5 bxc3 23.
bxc3 O-O {Seger,R (2399)-Potyavin,I (2046) Porto Mannu 2007 1-0}) 9... c4 10.
a4 a6 11. b3 cxb3 12. axb5 axb5 13. Rxa8 Nxa8 14. Bxb5 Nc7 15. Qxb3 Nxb5 16.
Qxb5 Bd7 17. Qb7 Qb8 18. Qxb8+ Nxb8 19. Ne5 Bf5 20. Bf4 Nd7 21. Nd2 Nxe5 22.
Bxe5 f6 23. Bf4 g5 24. Be3 Kd7 25. c4 e6 26. c5 Kc6 27. Ra1 Kb7 28. Nc4 Bd3 29.
Nb6 Be7 30. Ra3 Be4 31. Rb3 Kc7 32. Ra3 Kb7 33. f3 Bc6 34. Bf2 h5 35. Rb3 Ka6
36. Rd3 e5 37. Ra3+ Kb7 38. d5 Bb5 39. Rb3 Ka6 40. d6 Bd8 41. Ra3+ Kb7 42. Nd5
Rh7 43. Rb3 Kc6 44. Nb4+ Kb7 45. Rb2 Rg7 46. Rc2 Bc6 47. Rc1 Ba5 48. Nc2 g4 49.
Rb1+ Kc8 50. f4 exf4 51. Nd4 Be4 52. Rb5 Rb7 53. Rxb7 Kxb7 54. Ne6 f3 55. gxf3
Bxf3 56. d7 1-0

[Event "Floripa Chess Open 2024"]
[Site "Florianopolis"]
[Date "2024.01.26"]
[Round "8.163"]
[White "Mauro, Roberto Da Silva"]
[Black "Motta, Agahta Dos Santos"]
[Result "1-0"]
[WhiteElo "1562"]
[BlackElo "1124"]
[PlyCount "75"]
[EventDate "2024.01.20"]
[EventRounds "10"]
[EventCountry "BRA"]

1. d4 Nf6 2. Bf4 g6 3. Nf3 Bg7 4. e3 O-O 5. Nbd2 d6 6. h3 c5 7. c3 Nc6 8. Be2
b6 9. O-O Bb7 10. Re1 Nh5 $146 ({RR} 10... Re8 11. Nc4 b5 12. Na3 a6 13. dxc5
e5 14. Bh2 dxc5 15. Qc2 Qe7 16. e4 Rad8 17. Rad1 Bh6 18. Nb1 Rxd1 19. Bxd1 Nh5
20. Nbd2 Qe6 21. Nb3 Bf8 22. Ng5 Qf6 23. Bxh5 Qxg5 24. Bf3 Rd8 25. Rd1 {
Henn,W-Schmidt,S Germany 1989 0-1 (59)}) ({RR} 10... a6 11. a4 Re8 12. Bh2 d5
13. Qb3 Na5 14. Qa3 c4 15. Ne5 Nd7 16. Nxd7 Qxd7 17. Qa2 Rac8 18. Qb1 Bc6 19.
b4 cxb3 20. Nxb3 Nc4 21. a5 b5 22. Nc5 Qa7 23. Nd3 Nd2 24. Qb2 Ne4 25. Nb4 {
Demchenko,A (2641)-Boruchovsky,A (2541) chess.com INT 2020 1-0 (71)}) ({RR} 
10... Re8 11. Rc1 e5 12. dxe5 dxe5 13. Bh2 e4 14. Nh4 Bc8 15. Nc4 g5 16. Qa4
Ne7 17. Rcd1 Bd7 18. Qa6 gxh4 19. Ne5 Qc8 20. Nxd7 Qxa6 21. Nxf6+ Bxf6 22. Bxa6
Red8 23. Bb7 Rab8 24. Bxb8 Rxb8 25. Bxe4 {Bazzano,S (2288)-Mikhalsky,V (2219)
chess.com INT 2023 1/2-1/2 (53)}) ({RR} 10... Qc7 11. Bh2 Rad8 12. Qc2 e5 13.
dxe5 dxe5 14. Nc4 Nd5 15. e4 Nf4 16. Bf1 Ne7 17. a4 Bc6 18. Rad1 Kh8 19. b4
cxb4 20. cxb4 Bd7 21. Rc1 f6 22. a5 Ne6 23. Qb2 Qb8 24. axb6 axb6 25. Red1 {
Levacic,D (2310)-Lane,G (2410) Geneve 1988 1-0 (44)}) 11. Bh2 e5 12. dxe5 Nxe5
13. Nxe5 Bxe5 14. Bxh5 Bxh2+ 15. Kxh2 gxh5 16. Qxh5 Qf6 17. Nf3 Kh8 18. Ng5 h6
19. f4 Kg7 20. Nf3 Rg8 21. Nh4 Kf8 22. g4 Re8 23. Nf5 Rg6 24. Rad1 Re6 25. Ng3
Kg7 26. f5 Rg5 27. h4 Rxh5 28. Nxh5+ Kf8 29. Nxf6 Rxf6 30. e4 d5 31. e5 Rc6 32.
Rxd5 Rc8 33. Rd6 Rc6 34. Red1 Rxd6 35. Rxd6 Kg7 36. e6 Kf8 37. exf7 a5 38. Rd8+
1-0

[Event "Floripa Chess Open 2024"]
[Site "Florianopolis"]
[Date "2024.01.26"]
[Round "8.165"]
[White "Barbosa, Kassio Rodrigo"]
[Black "Goncalves, Richard Gabriel Sim"]
[Result "1/2-1/2"]
[WhiteElo "1548"]
[BlackElo "1800"]
[PlyCount "50"]
[EventDate "2024.01.20"]
[EventRounds "10"]
[EventCountry "BRA"]

1. e4 e6 2. d3 d5 3. Qe2 Nf6 4. Nf3 dxe4 5. dxe4 Be7 ({RR} 5... b6 6. e5 Ba6 7.
c4 Nfd7 8. Nc3 Bb7 9. Bf4 Bb4 10. Rc1 Nc6 11. a3 Bxc3+ 12. Rxc3 O-O 13. Qc2 h6
14. b4 f6 15. exf6 Nxf6 16. Be2 e5 17. Nxe5 Nd4 18. Qg6 Be4 19. Qg3 Nxe2 20.
Kxe2 {Strikovic,A (2524)-Volkov,S (2630) playchess.com INT 2004 0-1}) ({RR} 
5... Nc6 6. c3 Bc5 7. Bg5 h6 8. Bxf6 Qxf6 9. Nbd2 e5 10. Qb5 Bb6 11. Be2 Bd7
12. Qb3 Qg6 13. O-O Bh3 14. Nh4 Qf6 15. Ndf3 Be6 16. Qc2 Ne7 17. Bd3 g6 18. g3
Bh3 19. Rfd1 O-O-O 20. Ne1 {Zarnicki,P (2514)-Goltsev,D (2216) chess.com INT
2023 0-1 (31)}) 6. g3 O-O 7. Bg2 Nc6 8. c3 $146 ({RR} 8. e5 Nd5 9. O-O Bd7 10.
c4 Nb6 11. Nc3 a5 12. Be3 Ra6 13. Rfd1 Qe8 14. c5 Nd5 15. Nxd5 exd5 16. Rxd5
Nb4 17. Rd2 Bb5 18. Qd1 Qc8 19. a3 Nc6 20. Qb3 Na7 21. Nd4 Bc6 22. Nxc6 Nxc6 {
Zaitsev,V (2378)-Torrents Ledewig,M (1968) Olomouc 2004 1-0 (34)}) 8... e5 9.
O-O Be6 10. Nbd2 Qd7 11. b3 Bg4 12. Bb2 Bc5 13. Rad1 Qe6 14. Qb5 Bb6 15. Rde1
h6 16. Qc4 Rad8 17. Qxe6 Bxe6 18. c4 Nd4 19. Nxe5 Ng4 20. Nxg4 Bxg4 21. Bxd4
Rxd4 22. Nf3 Bxf3 23. Bxf3 Rd7 24. Re2 Rfd8 25. Rfe1 Ba5 1/2-1/2